Brooklyn Nine-Nine Episodes - Statistics

General Stats
  • This quiz has been taken 909 times
  • The average score is 67 of 153
Answer Stats
Episodes % Correct
Pilot
91%
Halloween
85%
Halloween II
74%
Jake & Amy
72%
Halloween III
71%
Coral Palms, Part 1
70%
Coral Palms, Part 2
70%
Coral Palms, Part 3
70%
Halloween IV
67%
Pontiac Bandit
67%
Thanksgiving
67%
The Vulture
67%
HalloVeen
63%
New Captain
61%
Christmas
60%
Undercover
58%
Cinco de Mayo
57%
The Box
56%
The Tagger
56%
Honeymoon
55%
M.E. Time
55%
The Bet
55%
Johnny and Dora
54%
The Funeral
54%
The Jimmy Jab Games
54%
The Slump
54%
99
53%
Adrian Pimento
53%
The Big House, Part 1
53%
The Big House, Part 2
53%
Cheddar
52%
Hitchcock & Scully
52%
The Pontiac Bandit Returns
52%
Ava
50%
Greg and Larry
50%
The Night Shift
50%
Lights Out
49%
Sal's Pizza
49%
The Party
49%
Jake and Sophia
48%
Karen Peralta
48%
The Last Day Pt 1
48%
The Last Day Pt 2
48%
48 Hours
47%
Chocolate Milk
47%
Full Boyle
47%
Moo Moo
47%
The Slaughterhouse
47%
Yippie Kayak
47%
Captain Peralta
46%
Suicide Squad
46%
The Ebony Falcon
46%
Kicks
45%
The Cruise
45%
The Lake House
45%
Boyle's Hunch
44%
Charges and Specs
44%
Game Night
44%
Stakeout
44%
The Fugitive, Part 1
44%
The Fugitive, Part 2
44%
The Oolong Slayer
44%
Valloweaster
44%
Beach House
43%
Boyle-Linetti Wedding
43%
Captain Latvia
42%
Debbie
42%
Four Movements
42%
He Said/ She Said
42%
Hostage Situation
42%
Safe House
42%
The Jimmy Jab Games II
42%
Trying
42%
Admiral Peralta
41%
Lockdown
41%
The Chopper
41%
The Road Trip
41%
Captain Kim
40%
Chasing Amy
40%
Crime and Punishment
40%
Manhunter
40%
Mr. Santiago
40%
Operation: Broken Feather
40%
Pimemento
40%
The 9-8
40%
Unsolvable
40%
9 Days
39%
Old School
39%
PB&J
39%
Show Me Going
39%
Tactical Village
39%
The Good Ones
39%
The Last Ride
39%
The Mattress
39%
The Swedes
39%
The Venue
39%
Two Turkeys
39%
Blue Flu
38%
The Audit
38%
The Mole
38%
The Tattler
38%
AC/DC
37%
Bachelor/ette Party
37%
Casecation
37%
Return of the King
37%
Serve & Protect
37%
Skyfire Cycle
37%
The Honeypot
37%
USPIS
37%
White Whale
37%
Ding Dong
36%
Renewal
36%
Terry Kitties
36%
The Apartment
36%
Ticking Clocks
36%
Cop-Con
35%
DFW
35%
House Mouses
35%
Monster in the Closet
35%
Dillman
34%
Game of Boyles
34%
Into the Woods
34%
The Bank Job
34%
The Golden Child
34%
Bureau
33%
Fancy Brudgom
33%
Ransom
33%
Sabotage
33%
The Overmining
33%
The Takeback
33%
Windbreaker City
33%
Gintars
32%
Payback
32%
A Tale of Two Bandits
31%
Det. Dave Majors
31%
NutriBoom
31%
Paranoia
31%
Sicko
31%
The Bimbo
31%
The Negotiation
31%
Your Honor
30%
Bad Beat
29%
Balancing
29%
Gray Star Mutual
29%
Maximum Security
29%
The Crime Scene
29%
The Puzzle Master
29%
The Therapist
29%
The Wednesday Incident
29%
Return to Skyfire
28%
Defense Rests
25%
The Set Up
24%
The Favor
23%
No matching quizzes found
Score Distribution
Percent of People with Each Score
Percentile by Number Answered
Your Score History
You have not taken this quiz